تناقضات الألباني الواضحات فيما وقع في تصحيح الأحاديث و تضعيفها من أخطاء و غلطات / (رقم التسجيلة. 92794)
[ عرض عادي ]
| 000 -LEADER | |
|---|---|
| fixed length control field | 00663nam a22001817a 4500 |
| 005 - DATE AND TIME OF LATEST TRANSACTION | |
| control field | 20251108172946.0 |
| 008 - FIXED-LENGTH DATA ELEMENTS--GENERAL INFORMATION | |
| fixed length control field | 250721s1990 xx 000 0 ara d |
| 082 14 - DEWEY DECIMAL CLASSIFICATION NUMBER | |
| Classification number | 213.1/سقا |
| 100 1# - MAIN ENTRY--PERSONAL NAME | |
| Personal name | السقاف، حسن بن علي |
| 245 10 - TITLE STATEMENT | |
| Title | تناقضات الألباني الواضحات فيما وقع في تصحيح الأحاديث و تضعيفها من أخطاء و غلطات / |
| 264 1# - PRODUCTION, PUBLICATION, DISTRIBUTION, MANUFACTURE, AND COPYRIGHT NOTICE | |
| Place of production, publication, distribution, manufacture | عمان : |
| Name of producer, publisher, distributor, manufacturer | دار الإمام النووي، |
| Date of production, publication, distribution, manufacture, or copyright notice | 1990. |
| 300 ## - PHYSICAL DESCRIPTION | |
| Extent | 224 ص |
| 490 0# - SERIES STATEMENT | |
| Series statement | سلسلة أبحاث علمية حديثية |
| Volume/sequential designation | 1 |
| 650 17 - SUBJECT ADDED ENTRY--TOPICAL TERM | |
| Topical term or geographic name as entry element | علوم الحديث |
| 650 17 - SUBJECT ADDED ENTRY--TOPICAL TERM | |
| Topical term or geographic name as entry element | علم المصطلح |
| 942 ## - ADDED ENTRY ELEMENTS (KOHA) | |
| Source of classification or shelving scheme | Dewey Decimal Classification |
| Koha item type | كتب |
| حالة السحب | حالة الفقدان | مصدر التصنيف | حالة التلف | غير قابل للإعارة | المكتبة الرئيسية | المكتبة الحالية | موقع الرف | تاريخ التزويد | الرقم المتسلسل | Total Checkouts | رقم الإستدعاء | الباركود | تاريخ آخر ظهور | تاريخ الفاتورة | نوع المادة (كوها) |
|---|---|---|---|---|---|---|---|---|---|---|---|---|---|---|---|
| Dewey Decimal Classification | مكتبة النصر العامة | مكتبة النصر العامة | الإعارة | 10/11/2014 | [4193] | 213.1/سقا | PLD00309896 | 28/07/2025 | 10/11/2014 | كتب |